Catálogo
 En Linea

Elementos de catálisis heterogénea / (Registro nro. 35730)

Detalles MARC
000 -CABECERA
campo de control de longitud fija 00614nam a2200193 a 4500
001 - NÚMERO DE CONTROL
campo de control 000036239
005 - FECHA Y HORA DE LA ÚLTIMA TRANSACCIÓN
campo de control 20200930075629.0
008 - DATOS DE LONGITUD FIJA--INFORMACIÓN GENERAL
campo de control de longitud fija 120111s1983 xxua 000 0 spa d
040 ## - FUENTE DE LA CATALOGACIÓN
Centro catalogador/agencia de origen DO-SdBNP
Lengua de catalogación spa
Centro/agencia transcriptor BNPHU
082 ## - NÚMERO DE LA CLASIFICACIÓN DECIMAL DEWEY
Número de clasificación xxx
Número de documento/Ítem D784e
100 1# - ENTRADA PRINCIPAL--NOMBRE DE PERSONA
Nombre de persona Droguett, Sergio E.
9 (RLIN) 62321
245 10 - MENCIÓN DE TÍTULO
Título Elementos de catálisis heterogénea /
Mención de responsabilidad, etc. Sergio E. Droguett.
260 ## - PUBLICACIÓN, DISTRIBUCIÓN, ETC.
Lugar de publicación, distribución, etc. Washington :
Nombre del editor, distribuidor, etc. Secretaría General de la Organización de los Estados Americanos,
Fecha de publicación, distribución, etc. 1983.
300 ## - DESCRIPCIÓN FÍSICA
Extensión 116 p. :
Otras características físicas il. ;
Dimensiones 23 cm.
490 1# - MENCIÓN DE SERIE
Mención de serie Química
490 1# - MENCIÓN DE SERIE
Mención de serie Monografía
Designación de volumen o secuencia 26
830 #0 - PUNTO DE ACCESO ADICIONAL DE SERIE-TÍTULO UNIFORME
Título uniforme Química
9 (RLIN) 62322
830 #0 - PUNTO DE ACCESO ADICIONAL DE SERIE-TÍTULO UNIFORME
Título uniforme Monografía
Número de parte o sección de la obra 26
9 (RLIN) 62323
Existencias
Estado de retiro Estado de pérdida Restricciones de uso No para préstamo Código de colección Localización permanente Ubicación/localización actual Ubicación en estantería Fecha de adquisición Número de inventario Total de préstamos Signatura topográfica completa Código de barras Fecha visto por última vez Precio válido a partir de Tipo de ítem Koha
      Excluido de préstamo Monografías: Libros y Folletos General General En catalogación 11.01.2012 LF1   xxx D784e 36239-10 25.06.2020 25.06.2020 No se presta

Con tecnología Koha